[Event "?"]
[Site "?"]
[Date "2016.08.13"]
[Round "3.15"]
[White "Schülgen, Severin"]
[Black "Kolbasnikov, Igor"]
[Result "0-1"]
[WhiteElo "927"]
[BlackElo "1475"]
[PlyCount "56"]
[EventDate "2016.??.??"]
[WhiteTeam "SK Köln-Worringen"]
[BlackTeam "SF Köln-Longerich"]

1. e4 e5 2. Nf3 Nc6 3. Bc4 Nf6 4. Nc3 Bc5 5. d3 h6 6. a3 d6 7. h3 O-O 8. O-O
Ne7 9. b4 Bb6 10. Nh4 d5 11. Bb3 Bd4 12. Bb2 dxe4 13. dxe4 Be6 14. Qd3 Bxb3 15.
cxb3 Bxf2+ 16. Rxf2 Qxd3 17. Rd1 Qg3 18. Nf5 Nxf5 19. Rxf5 Rad8 20. Nd5 Nxe4
21. Bxe5 Qxb3 22. Rf4 Qxd1+ 23. Kh2 Qxd5 24. Bxg7 Kxg7 25. Rg4+ Kh7 26. Rf4 Rg8
27. a4 Nd2 28. b5 Qxg2# 0-1

[Event "?"]
[Site "?"]
[Date "2016.08.13"]
[Round "3.16"]
[White "Gail, Edgar"]
[Black "Karakoc, Pascal"]
[Result "1-0"]
[WhiteElo "1688"]
[BlackElo "889"]
[PlyCount "73"]
[EventDate "2016.??.??"]
[WhiteTeam "Klub Kölner SF"]
[BlackTeam "SK Köln-Worringen"]

1. e4 e5 2. Nf3 Nc6 3. Bb5 a6 4. Ba4 Bc5 5. c3 Nf6 6. O-O Nxe4 7. d4 exd4 8.
cxd4 Be7 9. Re1 d5 10. Ne5 O-O 11. Nxc6 bxc6 12. Bxc6 Rb8 13. Qa4 Rb4 14. Qd1
Bd6 15. Nc3 Nf6 16. a3 Rb6 17. Ba4 Re8 18. Bxe8 Nxe8 19. Qe2 Bd7 20. Nxd5 Rb5
21. Nc3 Rf5 22. g3 Qa8 23. Qe4 c6 24. b4 Nf6 25. Qd3 Ng4 26. Ne4 a5 27. Be3 Bf8
28. Nc5 Bxc5 29. dxc5 Be6 30. Rad1 Rd5 31. Qc3 axb4 32. axb4 Qa4 33. Rxd5 Bxd5
34. Bc1 f6 35. Qa3 Qc2 36. Qa8+ Kf7 37. Qe8# 1-0

[Event "?"]
[Site "?"]
[Date "2016.08.13"]
[Round "3.19"]
[White "Yu, Moyi"]
[Black "Beißel, Daniel"]
[Result "0-1"]
[WhiteElo "983"]
[BlackElo "1534"]
[PlyCount "60"]
[EventDate "2016.??.??"]
[WhiteTeam "Klub Kölner SF"]
[BlackTeam "SV Horrem"]

1. e4 c5 2. Nf3 Nc6 3. d4 cxd4 4. Nxd4 e6 5. Nc3 Nf6 6. Bg5 Be7 7. Bb5 Qb6 8.
Bxc6 bxc6 9. e5 Nd5 10. Nxd5 cxd5 11. Bxe7 Kxe7 12. Rb1 d6 13. exd6+ Qxd6 14.
O-O e5 15. Re1 f6 16. f4 e4 17. Qe2 Qxf4 18. Nc6+ Kf7 19. Rf1 Qd6 20. Nd4 Ba6
21. Nf5 Qb6+ 22. Qf2 Bxf1 23. Qxb6 axb6 24. Rxf1 Rxa2 25. Nd6+ Ke6 26. Nf5 g6
27. Nd4+ Ke5 28. Nc6+ Ke6 29. Nd4+ Kf7 30. Rb1 Rha8 0-1

[Event "?"]
[Site "?"]
[Date "2016.08.13"]
[Round "3.20"]
[White "Ipekyilmaz, Mert"]
[Black "Kees, Niclas"]
[Result "1-0"]
[WhiteElo "1489"]
[BlackElo "868"]
[PlyCount "37"]
[EventDate "2016.??.??"]
[WhiteTeam "Langenfelder SF"]
[BlackTeam "SK Köln-Worringen"]

1. e4 e5 2. Nf3 Nc6 3. Nc3 Nf6 4. d4 d5 5. dxe5 Ng4 6. exd5 Nb4 7. a3 Bc5 8.
Nd4 Bf5 9. axb4 Bb6 10. h3 Nxe5 11. Nxf5 Qf6 12. Bd3 Nxd3+ 13. Qxd3 O-O 14. O-O
Rae8 15. Be3 Bxe3 16. Nxe3 Qd6 17. Rxa7 Re7 18. Rxb7 Rfe8 19. Nf5 1-0

[Event "?"]
[Site "?"]
[Date "2016.08.13"]
[Round "3.21"]
[White "Hingst, Dieter Max Otto"]
[Black "Stüwe, Holger"]
[Result "0-1"]
[WhiteElo "976"]
[BlackElo "1550"]
[PlyCount "26"]
[EventDate "2016.??.??"]
[WhiteTeam "Brühler SK"]

1. e4 c6 2. Nf3 d5 3. exd5 cxd5 4. Bb5+ Nc6 5. Bxc6+ bxc6 6. O-O Bg4 7. h3 Bh5
8. g4 Bg6 9. d3 e6 10. Ne5 Qc7 11. f4 f6 12. Nxg6 hxg6 13. f5 Qg3+ 0-1

[Event "?"]
[Site "?"]
[Date "2016.08.13"]
[Round "3.22"]
[White "Breuer, Achim"]
[Black "Mag, Martina"]
[Result "0-1"]
[WhiteElo "1404"]
[BlackElo "1008"]
[PlyCount "74"]
[EventDate "2016.??.??"]
[WhiteTeam "SV Dormagen"]
[BlackTeam "Ford SF Köln"]

1. d4 d5 2. c4 e6 3. Nf3 Nf6 4. Nc3 Be7 5. Bf4 Bd6 6. Bg5 c6 7. e3 Nbd7 8. Bd3
h6 9. Bh4 Qc7 10. c5 Be7 11. Bg3 Qd8 12. Ne5 Nxe5 13. Bxe5 b6 14. Qa4 Bd7 15.
b4 O-O 16. O-O Ng4 17. Bg3 f5 18. h3 Nf6 19. Qd1 b5 20. Ne2 Rf7 21. Nf4 g5 22.
Ng6 Rg7 23. Ne5 Qc8 24. f4 gxf4 25. Bxf4 Rh7 26. Ng6 Qe8 27. Nxe7+ Qxe7 28. Be5
Kf7 29. g4 Rg8 30. Kh2 Rhg7 31. Rf2 Rg6 32. Qf3 Nxg4+ 33. hxg4 Qh4+ 34. Kg2
Rxg4+ 35. Kf1 Rg1+ 36. Ke2 Rxa1 37. Rh2 Qe1# 0-1

[Event "?"]
[Site "?"]
[Date "2016.08.13"]
[Round "3.23"]
[White "Krieger, Niklas"]
[Black "Jakob, Gudrun"]
[Result "0-1"]
[WhiteElo "876"]
[BlackElo "1113"]
[PlyCount "106"]
[EventDate "2016.??.??"]
[WhiteTeam "SK Köln-Worringen"]
[BlackTeam "Klub Kölner SF"]

1. Nf3 c5 2. e4 Nc6 3. Bb5 Qb6 4. Nc3 a6 5. Ba4 e5 6. Bxc6 Qxc6 7. Nxe5 Qe6 8.
Nf3 d6 9. d3 Nf6 10. O-O Be7 11. Re1 Qg4 12. h3 Qg6 13. Nd5 Bxh3 14. Nf4 Qh6
15. Nxh3 Qg6 16. e5 dxe5 17. Rxe5 Ng4 18. Bg5 f6 19. Re6 Qf5 20. Qe1 Ne5 21.
Rb6 Nxf3+ 22. gxf3 Qxh3 23. Qf1 Qxf3 24. Bd2 O-O 25. Re1 Bd8 26. Rbe6 Qg4+ 27.
Qg2 Qxg2+ 28. Kxg2 Bc7 29. Re7 Rac8 30. Bc3 b5 31. b4 c4 32. d4 Bd6 33. d5 Bxe7
34. Rxe7 Rcd8 35. Re6 Rxd5 36. Rxa6 h5 37. a4 bxa4 38. Rxa4 Rb5 39. Ra6 f5 40.
Rc6 f4 41. f3 Rg5+ 42. Kh2 h4 43. Kh3 Rg3+ 44. Kxh4 Rxf3 45. Bd2 Rf2 46. Rxc4
Rxd2 47. Kg4 f3 48. Re4 f2 49. b5 f1=Q 50. b6 Qg2+ 51. Kh5 g6+ 52. Kh6 Qxe4 53.
Kg5 Rg2+ 0-1

[Event "?"]
[Site "?"]
[Date "2016.08.14"]
[Round "4.1"]
[White "Riesen, Peter"]
[Black "Gburek, Jürgen"]
[Result "1/2-1/2"]
[WhiteElo "1613"]
[BlackElo "1747"]
[PlyCount "36"]
[EventDate "2016.??.??"]
[WhiteTeam "Klub Kölner SF"]
[BlackTeam "SVG Übach-Palenberg"]

1. e4 c6 2. d4 d5 3. exd5 cxd5 4. c4 Nf6 5. Nc3 e6 6. Nf3 Nc6 7. a3 a5 8. cxd5
Nxd5 9. Bc4 Nb6 10. Ba2 Be7 11. d5 exd5 12. Nxd5 Nxd5 13. Qxd5 O-O 14. Qxd8
Rxd8 15. Ng5 Rf8 16. O-O Bf5 17. Bb1 Bxb1 18. Rxb1 Bf6 1/2-1/2

[Event "?"]
[Site "?"]
[Date "2016.08.14"]
[Round "4.2"]
[White "Rebischke, Florian"]
[Black "Ipekyilmaz, Tayfun"]
[Result "1-0"]
[WhiteElo "1826"]
[BlackElo "1700"]
[PlyCount "55"]
[EventDate "2016.??.??"]
[WhiteTeam "Godesberger SK"]
[BlackTeam "Langenfelder SF"]

1. d4 Nf6 2. c4 e5 3. e3 e4 4. Nc3 Bb4 5. Bd2 Bxc3 6. Bxc3 d5 7. cxd5 Nxd5 8.
Qc2 Nxc3 9. bxc3 Qe7 10. Ne2 O-O 11. Ng3 f5 12. Bc4+ Kh8 13. Ne2 Nc6 14. a4 g5
15. g3 Be6 16. Qa2 Bxc4 17. Qxc4 Na5 18. Qb5 b6 19. h4 a6 20. Qb1 Nc4 21. hxg5
Qxg5 22. Qa2 b5 23. axb5 axb5 24. Qxa8 Rxa8 25. Rxa8+ Kg7 26. Nf4 Qe7 27. Rc8
Nb6 28. Rxc7 1-0

[Event "?"]
[Site "?"]
[Date "2016.08.14"]
[Round "4.3"]
[White "Zilberman, Rodion"]
[Black "Gail, Edgar"]
[Result "0-1"]
[WhiteElo "1922"]
[BlackElo "1688"]
[PlyCount "60"]
[EventDate "2016.??.??"]
[WhiteTeam "SF Köln-Longerich"]
[BlackTeam "Klub Kölner SF"]

1. d4 d5 2. c4 e6 3. Nc3 c5 4. cxd5 exd5 5. e3 Nf6 6. Nf3 Nc6 7. dxc5 Bxc5 8.
Bb5 O-O 9. O-O Bg4 10. Be2 Rc8 11. Qb3 Rc7 12. Rd1 Rd7 13. a3 a6 14. Qc2 Ba7
15. b4 Qc7 16. Bb2 Bb8 17. g3 d4 18. Ne4 Nxe4 19. Qxe4 Bxf3 20. Bxf3 dxe3 21.
Qxe3 h6 22. Rdc1 Rfd8 23. Qc3 f5 24. Bxc6 bxc6 25. Qf3 Rd5 26. Rc2 f4 27. Qe2
fxg3 28. hxg3 Ba7 29. Qe6+ Kh7 30. Rxc6 Qxg3+ 0-1

[Event "?"]
[Site "?"]
[Date "2016.08.14"]
[Round "4.4"]
[White "Kolbasnikov, Igor"]
[Black "Liebsch, Ulrich"]
[Result "0-1"]
[WhiteElo "1475"]
[BlackElo "1777"]
[PlyCount "64"]
[EventDate "2016.??.??"]
[WhiteTeam "SF Köln-Longerich"]
[BlackTeam "SC Bayer Leverkusen"]

1. e4 c5 2. d4 cxd4 3. c3 dxc3 4. Nxc3 Nc6 5. Nf3 d6 6. Bc4 e6 7. O-O Nf6 8.
Qe2 Be7 9. Rd1 a6 10. e5 Nd7 11. exd6 Bf6 12. Nd5 O-O 13. Nxf6+ Nxf6 14. b3 b5
15. Bd3 Bb7 16. Bg5 h6 17. Bh4 Nb4 18. Bb1 Nbd5 19. d7 Nf4 20. Qc2 Ng6 21. Bg3
Nxd7 22. Ne5 Bd5 23. Nxg6 fxg6 24. Qxg6 Qf6 25. Qh5 Rac8 26. Bh4 Qf4 27. Rf1
Rc1 28. Bh7+ Kxh7 29. Raxc1 Rf5 30. Bg3 Qe4 31. Qh3 Rh5 32. Rce1 Qg6 0-1

[Event "?"]
[Site "?"]
[Date "2016.08.14"]
[Round "4.5"]
[White "Kürten, Lothar"]
[Black "Lin, David"]
[Result "1/2-1/2"]
[WhiteElo "1635"]
[BlackElo "1401"]
[PlyCount "115"]
[EventDate "2016.??.??"]
[WhiteTeam "SF Köln-Longerich"]
[BlackTeam "Klub Kölner SF"]

1. e4 c5 2. d4 cxd4 3. c3 g6 4. Bc4 Bg7 5. Nf3 e6 6. O-O Ne7 7. Bg5 O-O 8. cxd4
h6 9. Bh4 Nbc6 10. Nc3 g5 11. Bg3 d5 12. exd5 Nxd5 13. Ne5 Nde7 14. Nxc6 Nxc6
15. d5 Nd4 16. Re1 Re8 17. Be5 Bxe5 18. Rxe5 Nf5 19. Qe2 Nd6 20. dxe6 Nxc4 21.
exf7+ Kxf7 22. Qxc4+ Be6 23. Qe2 Bd7 24. Rd1 Rxe5 25. Qxe5 Rc8 26. Ne4 Bg4 27.
Re1 Rc6 28. h3 Bc8 29. Qb5 Re6 30. Qb3 Kf8 31. Qf3+ Ke7 32. Rd1 Qb6 33. Nc3 Qc6
34. Qd3 Rd6 35. Qh7+ Kd8 36. Qg8+ Ke7 37. Qg7+ Kd8 38. Qf8+ Kd7 39. Rxd6+ Qxd6
40. Qxd6+ Kxd6 41. Kf1 a6 42. Ke2 Ke5 43. Ke3 Be6 44. a4 b6 45. b4 a5 46. bxa5
bxa5 47. Ne2 Bd7 48. Nc3 h5 49. f3 h4 50. Ne4 Kf5 51. Nd6+ Ke6 52. Nc4 Bxa4 53.
Nxa5 Bb5 54. Nb3 Ke5 55. Nd2 Bd7 56. Ne4 Kf5 57. Nd6+ Ke6 58. Ne4 1/2-1/2

[Event "?"]
[Site "?"]
[Date "2016.08.14"]
[Round "4.6"]
[White "Gnass, Arno"]
[Black "Lehmann, Thomas"]
[Result "1-0"]
[WhiteElo "1782"]
[BlackElo "1297"]
[PlyCount "61"]
[EventDate "2016.??.??"]
[WhiteTeam "Bergische SF"]
[BlackTeam "SV Sindorf"]

1. d4 d5 2. Nf3 Nf6 3. e3 Bg4 4. Nbd2 e6 5. h3 Bh5 6. Bd3 Bg6 7. Ne5 Bxd3 8.
Nxd3 Nbd7 9. O-O Bd6 10. b3 b5 11. Bb2 O-O 12. Nf3 Qe7 13. Nde5 Bxe5 14. dxe5
Ne4 15. Nd2 Nxd2 16. Qxd2 Nb6 17. Qe2 a6 18. e4 Rfd8 19. Rfd1 Rac8 20. Qe1 Ra8
21. Bd4 c5 22. Bb2 Qb7 23. f3 dxe4 24. fxe4 Rac8 25. Qh4 Qc7 26. Qg3 Rxd1+ 27.
Rxd1 Rd8 28. Rd6 g6 29. Qd3 Rxd6 30. exd6 Qd7 31. Qc3 1-0

[Event "?"]
[Site "?"]
[Date "2016.08.14"]
[Round "4.7"]
[White "Meyer zu Kniendorf, Jochen"]
[Black "Havenith, Michael"]
[Result "1/2-1/2"]
[WhiteElo "1701"]
[BlackElo "1630"]
[PlyCount "93"]
[EventDate "2016.??.??"]
[WhiteTeam "Düsseldorfer SK"]
[BlackTeam "SV Würselen"]

1. c4 Nf6 2. g3 e5 3. Bg2 Nc6 4. Nc3 Be7 5. Nf3 d6 6. d4 exd4 7. Nxd4 Bd7 8.
O-O O-O 9. a3 Nxd4 10. Qxd4 Qc8 11. Re1 Re8 12. b3 Ng4 13. Nd5 Bf6 14. Nxf6+
Nxf6 15. Bb2 Bc6 16. e4 Qe6 17. f3 Qe5 18. Qd2 Qe6 19. Rad1 Nd7 20. Qc3 Qe5 21.
Qc2 Qe6 22. h3 Qg6 23. Kh2 Re7 24. Qf2 b6 25. Re3 Rae8 26. Rde1 f6 27. Bf1 Kh8
28. Bd3 Ne5 29. Bc2 Qh6 30. Bc1 Bd7 31. Qg2 g5 32. g4 Qh4 33. Rh1 Qh6 34. Kg1
Qg6 35. h4 h6 36. hxg5 fxg5 37. Rh5 Rh7 38. Bb2 Qf6 39. Bd1 Qf4 40. Bc1 Rf8 41.
Rc3 Qf6 42. Bb2 Rg8 43. Rc2 Be8 44. Rh3 Rgg7 45. Rf2 Qe6 46. Be2 Kg8 47. Rg3
1/2-1/2

[Event "?"]
[Site "?"]
[Date "2016.08.14"]
[Round "4.8"]
[White "van der Valk, Reiner"]
[Black "Thierkopf, Constantin"]
[Result "0-1"]
[WhiteElo "1650"]
[BlackElo "1619"]
[PlyCount "68"]
[EventDate "2016.??.??"]
[WhiteTeam "SG Nettetal"]
[BlackTeam "Brühler SK"]

1. e4 e5 2. Nc3 Nf6 3. Bc4 Bc5 4. Nf3 d6 5. d3 Nc6 6. h3 Be6 7. Bg5 h6 8. Bxf6
Qxf6 9. Nd5 Qd8 10. O-O Na5 11. Bb3 Nxb3 12. axb3 c6 13. Ne3 O-O 14. Qd2 Qf6
15. b4 Bb6 16. Ng4 Qg6 17. Kh1 Bxg4 18. hxg4 Qxg4 19. Nh2 Qh4 20. f4 Rad8 21.
fxe5 dxe5 22. Rf3 Qxe4 23. Re1 Qd4 24. c3 Qd6 25. Ng4 f6 26. Rg3 Kf7 27. c4 Qe6
28. c5 Bc7 29. Nf2 Rd7 30. Qd1 Ke8 31. Qh5+ Kd8 32. d4 Qf7 33. Qg4 exd4 34. Nd3
Bxg3 0-1

[Event "?"]
[Site "?"]
[Date "2016.08.14"]
[Round "4.9"]
[White "Michels, Fabio"]
[Black "Kogan, Gabriel"]
[Result "0-1"]
[WhiteElo "1824"]
[BlackElo "1354"]
[PlyCount "122"]
[EventDate "2016.??.??"]
[WhiteTeam "SG Mörsdorf-Lahr"]
[BlackTeam "SG Porz"]

1. c4 Nf6 2. g3 e6 3. Bg2 d5 4. e3 Be7 5. Ne2 O-O 6. O-O c6 7. cxd5 exd5 8.
Nbc3 Re8 9. b3 Nbd7 10. Bb2 Nf8 11. a3 Ng6 12. b4 Ne5 13. Nf4 Nc4 14. Qc2 Nxb2
15. Qxb2 Bf5 16. b5 Rb8 17. a4 Qd7 18. Rfe1 Bd6 19. Nfe2 Bd3 20. Nc1 Bg6 21.
N1e2 Bd3 22. Nd4 Be5 23. Qb4 Bd6 24. Qb3 h6 25. Rac1 c5 26. Nf3 c4 27. Qa2 Bb4
28. Qb2 Qd6 29. Ra1 Bc5 30. a5 Re7 31. Nd4 Bxd4 32. exd4 Rbe8 33. Rxe7 Qxe7 34.
Nxd5 Nxd5 35. Bxd5 Qf6 36. Kg2 Re2 37. Bf3 Be4 38. Qc3 Bxf3+ 39. Qxf3 Qxf3+ 40.
Kxf3 Rxd2 41. Ke3 Rb2 42. b6 axb6 43. axb6 Rxb6 44. d5 Kf8 45. Kd4 Ke7 46. Kxc4
Kd6 47. Ra2 Ra6 48. Rb2 b6 49. Kb5 Ra5+ 50. Kxb6 Rxd5 51. Rc2 Ke6 52. Rc6+ Rd6
53. Kc7 Rxc6+ 54. Kxc6 f6 55. f4 Kf5 56. Kd6 g5 57. fxg5 fxg5 58. Ke7 Kg4 59.
Kf6 h5 60. h3+ Kxg3 61. Kxg5 h4 0-1

[Event "?"]
[Site "?"]
[Date "2016.08.14"]
[Round "4.10"]
[White "Hoferichter, Michael"]
[Black "Thierkopf, Guido"]
[Result "1/2-1/2"]
[WhiteElo "1569"]
[BlackElo "1735"]
[PlyCount "128"]
[EventDate "2016.??.??"]
[WhiteTeam "Klub Kölner SF"]
[BlackTeam "Brühler SK"]

1. e4 d5 2. exd5 Qxd5 3. Nc3 Qa5 4. d4 Nf6 5. Bc4 c6 6. Nf3 Bg4 7. h3 Bxf3 8.
Qxf3 e6 9. O-O Bd6 10. Bd2 Qb6 11. Qd3 O-O 12. Rab1 Nbd7 13. Rfe1 Rad8 14. Ne4
Nxe4 15. Qxe4 Nf6 16. Qf3 Qxd4 17. Bd3 Qd5 18. Qe2 Be7 19. g4 Qd6 20. g5 Nd5
21. Qe4 g6 22. Qh4 Rfe8 23. a3 Bf8 24. Re2 Ne7 25. Rbe1 Qd4 26. Qxd4 Rxd4 27.
Bc3 Rd7 28. Bc4 Nd5 29. Be5 Bg7 30. Rd1 Bxe5 31. Rxe5 Red8 32. Kh2 Kg7 33. Kg3
Ne7 34. Rxd7 Rxd7 35. Bd3 Rd4 36. Re4 Nf5+ 37. Kf3 h6 38. gxh6+ Kxh6 39. Rxd4
Nxd4+ 40. Ke3 c5 41. c3 Nf5+ 42. Ke4 Kg5 43. Ke5 b6 44. Bxf5 exf5 45. f4+ Kh4
46. b4 cxb4 47. axb4 Kxh3 48. c4 a5 49. bxa5 bxa5 50. Kd4 Kg4 51. c5 a4 52. Kc3
Kxf4 53. c6 a3 54. c7 a2 55. Kb2 Kg3 56. c8=Q f4 57. Qc4 f5 58. Qf1 g5 59. Kxa2
g4 60. Kb2 f3 61. Qg1+ Kf4 62. Qc1+ Kg3 63. Qg1+ Kf4 64. Qc1+ Kg3 1/2-1/2

[Event "?"]
[Site "?"]
[Date "2016.08.14"]
[Round "4.12"]
[White "Beißel, Daniel"]
[Black "Sewald, Richard"]
[Result "1/2-1/2"]
[WhiteElo "1534"]
[BlackElo "1736"]
[PlyCount "44"]
[EventDate "2016.??.??"]
[WhiteTeam "SV Horrem"]
[BlackTeam "SG Porz"]

1. d4 Nf6 2. Nf3 e6 3. e3 b6 4. Bd3 Bb7 5. O-O Be7 6. Re1 d5 7. Nbd2 Nbd7 8. e4
dxe4 9. Nxe4 c5 10. dxc5 Nxe4 11. Bxe4 Bxe4 12. Rxe4 Nxc5 13. Rd4 Qc8 14. Bf4
O-O 15. Qe2 Bf6 16. Be5 Nd7 17. Bxf6 Nxf6 18. Rad1 Qc7 19. c3 Rad8 20. Qe5 Qe7
21. h3 h6 22. a3 Rfe8 1/2-1/2

[Event "?"]
[Site "?"]
[Date "2016.08.14"]
[Round "4.13"]
[White "Wilde, Christian"]
[Black "Ipekyilmaz, Mert"]
[Result "0-1"]
[WhiteElo "1220"]
[BlackElo "1489"]
[PlyCount "32"]
[EventDate "2016.??.??"]
[WhiteTeam "SF Köln-Longerich"]
[BlackTeam "Langenfelder SF"]

1. c4 Nf6 2. Nc3 c5 3. g3 g6 4. Bg2 Bg7 5. Nf3 Nc6 6. d4 cxd4 7. Nxd4 O-O 8.
Nxc6 dxc6 9. Qxd8 Rxd8 10. e3 Be6 11. Bf1 Nd7 12. Ne4 Ne5 13. Nc5 Bxc4 14. Bxc4
Nxc4 15. Nxb7 Rd5 16. e4 Rb5 0-1

[Event "?"]
[Site "?"]
[Date "2016.08.14"]
[Round "4.14"]
[White "Baltic, Sara"]
[Black "Radovinski, Jewgeni"]
[Result "0-1"]
[WhiteElo "1133"]
[BlackElo "1487"]
[PlyCount "60"]
[EventDate "2016.??.??"]
[WhiteTeam "SG Bochum"]
[BlackTeam "SG Porz"]

1. e4 e5 2. Nf3 Nc6 3. Bc4 Nf6 4. d3 Bc5 5. c3 h6 6. Nbd2 d5 7. Bb5 Qe7 8. h3
dxe4 9. dxe4 Bd7 10. Qc2 O-O 11. b3 a6 12. Bd3 b5 13. O-O Nh5 14. Kh1 Nf4 15.
h4 g5 16. hxg5 hxg5 17. Nh2 Kg7 18. Ndf3 g4 19. Ne1 Rh8 20. g3 Qg5 21. Ng2 Qh5
22. Nh4 Ng6 23. f3 Nxh4 24. fxg4 Bxg4 25. gxh4 Qxh4 26. Qg2 Rh7 27. a4 Rah8 28.
Ra2 Kf8 29. Qc2 Qg3 30. axb5 Bf3+ 0-1

[Event "?"]
[Site "?"]
[Date "2016.08.14"]
[Round "4.15"]
[White "Stüwe, Holger"]
[Black "Schülgen, Severin"]
[Result "1-0"]
[WhiteElo "1550"]
[BlackElo "927"]
[PlyCount "59"]
[EventDate "2016.??.??"]
[BlackTeam "SK Köln-Worringen"]

1. c4 e5 2. g3 d5 3. Bg2 dxc4 4. Qa4+ c6 5. Qxc4 Be6 6. Qc2 Bd5 7. e4 Be6 8.
Nf3 Nd7 9. O-O Nh6 10. d4 Bd6 11. Rd1 f5 12. Bxh6 gxh6 13. exf5 Bd5 14. dxe5
Bxe5 15. Nxe5 Nxe5 16. Qe2 Qd6 17. Re1 O-O-O 18. Nc3 Bxg2 19. Kxg2 Rhe8 20.
Rad1 Qf6 21. Rxd8+ Kxd8 22. f4 Nd3 23. Qxe8+ Kc7 24. Qe7+ Kb6 25. Qxf6 Nxe1+
26. Kf2 Nd3+ 27. Ke3 Nxb2 28. Nd5+ Ka6 29. Nb4+ Kb5 30. Qxb2 1-0

[Event "?"]
[Site "?"]
[Date "2016.08.14"]
[Round "4.16"]
[White "Reiter, Ute"]
[Black "Hennicken, Arnold"]
[Result "1-0"]
[WhiteElo "1059"]
[BlackElo "1407"]
[PlyCount "99"]
[EventDate "2016.??.??"]
[WhiteTeam "Brühler SK"]
[BlackTeam "SF Esch"]

1. e4 d6 2. d4 g6 3. Bc4 Nf6 4. Nc3 Bg7 5. e5 dxe5 6. dxe5 Qxd1+ 7. Kxd1 Ng4 8.
Nh3 Bxe5 9. f4 Bd6 10. b3 O-O 11. Bb2 Ne3+ 12. Ke2 Nxc4 13. bxc4 Bxh3 14. gxh3
Bxf4 15. Nd5 Bd6 16. Rhe1 e6 17. Nf6+ Kg7 18. Nd7+ f6 19. Nxf8 Bxf8 20. Rad1
Nc6 21. Rd7+ Be7 22. Rxc7 Kf7 23. Rxb7 Rb8 24. Rxb8 Nxb8 25. Rb1 Nc6 26. Kd3 e5
27. a4 f5 28. Bc1 e4+ 29. Ke2 Ke6 30. Be3 g5 31. Rg1 f4 32. Bc1 Nd4+ 33. Kd1
Kf5 34. Rf1 Nf3 35. Rf2 Bc5 36. Ke2 Ng1+ 37. Kf1 Nxh3 38. Rd2 Kg4 39. Rd5 Bb4
40. c5 e3 41. c6 Kf3 42. Bxe3 Ba5 43. Rxa5 fxe3 44. Rf5+ Nf4 45. c7 e2+ 46. Ke1
Ke3 47. Rxf4 gxf4 48. c8=Q f3 49. Qc5+ Kf4 50. Kf2 1-0

[Event "?"]
[Site "?"]
[Date "2016.08.14"]
[Round "4.17"]
[White "Mag, Martina"]
[Black "Scheffler, Jürgen"]
[Result "0-1"]
[WhiteElo "1008"]
[BlackElo "1502"]
[PlyCount "66"]
[EventDate "2016.??.??"]
[WhiteTeam "Ford SF Köln"]
[BlackTeam "SC Prüm"]

1. e4 c5 2. Nc3 e6 3. f4 a6 4. Nf3 Nc6 5. Bc4 b5 6. Be2 Bb7 7. d3 Qc7 8. O-O d6
9. Qe1 Be7 10. Qg3 Bf6 11. f5 e5 12. Nd5 Qa5 13. Nxf6+ gxf6 14. Qg7 O-O-O 15.
Qxh8 c4 16. Qxh7 Qb6+ 17. Kh1 Nd4 18. Nxd4 Qxd4 19. Qxf7 c3 20. Qe6+ Kc7 21.
Qf7+ Kc8 22. b3 d5 23. Bf3 dxe4 24. Be2 exd3 25. Bxd3 e4 26. Rf4 Qe5 27. Ba3
Qxf4 28. Qe6+ Kc7 29. Qf7+ Kb8 30. Rd1 exd3 31. cxd3 b4 32. Bc1 Qe4 33. h3
Qxg2# 0-1

[Event "?"]
[Site "?"]
[Date "2016.08.14"]
[Round "4.18"]
[White "Thodeme, Tuhin Reddi"]
[Black "Kuckert, Kai"]
[Result "0-1"]
[WhiteElo "975"]
[BlackElo "1235"]
[PlyCount "130"]
[EventDate "2016.??.??"]
[WhiteTeam "SK Köln-Worringen"]
[BlackTeam "Fideler Bauer Leverkusen"]

1. d4 d5 2. Nf3 e6 3. e3 Nf6 4. a3 Be7 5. c4 b6 6. Nc3 O-O 7. Bd3 h6 8. Ne5 c5
9. Nf3 Bb7 10. Qb3 Ne4 11. cxd5 Nxc3 12. bxc3 exd5 13. Qc2 Nd7 14. O-O Re8 15.
Bd2 Nf6 16. Bb5 Nd7 17. Qa4 a6 18. Bxd7 b5 19. Bxb5 axb5 20. Qxb5 Ba6 21. Qc6
Bxf1 22. Kxf1 Qd6 23. Qb5 Qa6 24. Qxa6 Rxa6 25. Bc1 c4 26. Ne1 Bd6 27. g3 Rb8
28. Ke2 Rb3 29. Kd2 Bxa3 30. Nc2 Bxc1+ 31. Rxc1 Rb2 32. f4 g5 33. fxg5 hxg5 34.
h3 Rf6 35. Ke2 Rh6 36. Kf3 Rxh3 37. Nb4 Rh5 38. Kg4 Rh6 39. Nxd5 Kf8 40. Kf5
Rf2+ 41. Kg4 Rh7 42. Re1 f5+ 43. Kxg5 Rg7+ 44. Kf6 Rf7+ 45. Kg6 Rg2 46. Nf6
Rxg3+ 47. Kxf5 Rf3+ 48. Ke5 R3xf6 49. d5 Ke7 50. Kd4 Kd6 51. e4 Rf4 52. Kxc4
Ra7 53. Kb5 Ra3 54. c4 Rb3+ 55. Ka4 Rb7 56. e5+ Ke7 57. Rh1 Rxc4+ 58. Ka3 Rf4
59. Rh6 Rf8 60. d6+ Kd7 61. Rh7+ Kc6 62. Rxb7 Kxb7 63. Kb4 Rf5 64. d7 Kc7 65.
Kc5 Rxe5+ 0-1

[Event "?"]
[Site "?"]
[Date "2016.08.14"]
[Round "4.19"]
[White "Karakoc, Pascal"]
[Black "Hirsch, Reinhard"]
[Result "0-1"]
[WhiteElo "889"]
[BlackElo "1155"]
[PlyCount "68"]
[EventDate "2016.??.??"]
[WhiteTeam "SK Köln-Worringen"]
[BlackTeam "SK Köln-Worringen"]

1. d4 Nf6 2. Nc3 g6 3. Bf4 Bg7 4. e3 d6 5. Bg5 h6 6. Bxf6 Bxf6 7. Bc4 O-O 8.
Nf3 a6 9. O-O b5 10. Bd3 Be6 11. d5 Bd7 12. Ne4 Bxb2 13. Rb1 Bg7 14. Ng3 c6 15.
dxc6 Nxc6 16. Be4 Rc8 17. Nh4 Ne5 18. f4 Ng4 19. Qd3 Rc3 20. Qd5 Be6 21. Qb7
Nxe3 22. Rf3 Ra3 23. Qa7 Qd7 24. Qxd7 Bxd7 25. Rb3 Rxb3 26. axb3 Ng4 27. h3
Bd4+ 28. Kf1 Nh2+ 29. Ke2 Nxf3 30. Kxf3 Rc8 31. f5 Rc3+ 32. Kg4 h5+ 33. Kg5
Rxg3+ 34. Kh6 Bg7# 0-1

[Event "?"]
[Site "?"]
[Date "2016.08.14"]
[Round "4.22"]
[White "Kees, Niclas"]
[Black "Yu, Moyi"]
[Result "0-1"]
[WhiteElo "868"]
[BlackElo "983"]
[PlyCount "21"]
[EventDate "2016.??.??"]
[WhiteTeam "SK Köln-Worringen"]
[BlackTeam "Klub Kölner SF"]

1. e4 e5 2. Nf3 Nc6 3. d4 exd4 4. Nxd4 Nf6 5. Nc3 Bb4 6. Bb5 Bxc3+ 7. bxc3 Nxe4
8. O-O O-O 9. Qh5 Nxc3 10. Bd3 g6 11. Qh6 {Notationen lückenhaft, fehlerhaft
und nicht nachvollziehbar. Schwarz gewinnt nach 26 Zügen.} 0-1

[Event "?"]
[Site "?"]
[Date "2016.08.14"]
[Round "5.1"]
[White "Gburek, Jürgen"]
[Black "Rebischke, Florian"]
[Result "1-0"]
[WhiteElo "1747"]
[BlackElo "1826"]
[PlyCount "104"]
[EventDate "2016.??.??"]
[WhiteTeam "SVG Übach-Palenberg"]
[BlackTeam "Godesberger SK"]

1. e4 c5 2. c3 e5 3. Nf3 Nc6 4. d4 cxd4 5. cxd4 exd4 6. Nxd4 Qa5+ 7. Bd2 Qe5 8.
Nb5 Qxe4+ 9. Qe2 Qxe2+ 10. Bxe2 Kd8 11. Bf4 Bb4+ 12. N1c3 a6 13. Nc7 Ra7 14.
O-O-O Bxc3 15. bxc3 Nf6 16. Bf3 Ne7 17. Be3 Kxc7 18. Bxa7 b6 19. Rhe1 Re8 20.
c4 d6 21. Bxb6+ Kxb6 22. Rxd6+ Kc7 23. Rd2 Be6 24. Rb2 Nc6 25. Bd5 Bxd5 26.
Rxe8 Nxe8 27. cxd5 Ne7 28. Re2 Kd6 29. Rb2 Nxd5 30. Rb8 Nec7 31. Rg8 Ne6 32.
Ra8 Ndc7 33. Rg8 Ke7 34. Kd2 Ne8 35. Kc3 f6 36. Kb4 Kf7 37. Rh8 h6 38. Ka5 Nc5
39. Kb6 Nd3 40. f3 Ke7 41. a3 Ne1 42. Kxa6 Nxg2 43. Kb6 Ne3 44. a4 Nc4+ 45. Kb5
Ncd6+ 46. Kc6 Nf7 47. Rg8 Ne5+ 48. Kd5 Nd7 49. a5 Ne5 50. Rxe8+ Kxe8 51. a6 Nd7
52. a7 Ke7 1-0

[Event "?"]
[Site "?"]
[Date "2016.08.14"]
[Round "5.2"]
[White "Liebsch, Ulrich"]
[Black "Riesen, Peter"]
[Result "0-1"]
[WhiteElo "1777"]
[BlackElo "1613"]
[PlyCount "70"]
[EventDate "2016.??.??"]
[WhiteTeam "SC Bayer Leverkusen"]
[BlackTeam "Klub Kölner SF"]

1. c4 c5 2. g3 g6 3. Bg2 Bg7 4. Nc3 Nc6 5. Nf3 Nf6 6. d3 O-O 7. O-O d6 8. Bg5
h6 9. Bd2 Bd7 10. Qc1 Kh7 11. e4 Qc8 12. Nd5 Bh3 13. Nxf6+ exf6 14. Bc3 Bxg2
15. Kxg2 Ne5 16. Qe3 a6 17. a4 Qc6 18. a5 h5 19. Ne1 f5 20. f3 fxe4 21. Qxe4 f5
22. Qxc6 Nxc6 23. Bxg7 Kxg7 24. Nc2 Rfe8 25. Rfe1 Rxe1 26. Rxe1 Kf7 27. Ra1 Re8
28. Kf2 Kf6 29. Ne3 Nb4 30. Rd1 Nc6 31. Nd5+ Kf7 32. Ra1 g5 33. f4 Nd4 34. Ne3
Kg6 35. fxg5 Rxe3 0-1